00347 2200145 4500001002100000005001500021035002000036245005800056100001300114300001200127260002800139082000800167084001400175990001200189INLIS00000000000203820250527090751 a0010-05250003301 aPintar Matematika Untuk SMA/MA Kelas X /cHj Sriyanto0 aSriyanto a233 hlm bIndonesia Cerdas,c2008 a510 a510 SRI p a0713215